Wer oder was fehlt hier? - Statistiken

Allgemein
  • Dieses Quiz wurde 1.549 mal gespielt
  • Das Durchschnittsergebnis liegt bei 7 aus 15
Antwortstatistiken
Gruppe Wer oder was fehlt? % Korrekt
Vereinigtes Königreich England, Schottland, Nordirland Wales
90%
Hogwarts Häuser Gryffindor, Hufflepuff, Slytherin Ravenclaw
84%
Teletubbies Tinky-Winky, Laa-Laa. Po Dipsy
72%
Bier Wasser, Malz, Hopfen Hefe
68%
Evangelisten Matthäus, Markus, Lukas Johannes
65%
9 Gefährten (Herr der Ringe) Frodo, Sam, Merry, Pippin, Gimli, Gandalf, Aragorn, Boromir Legolas
60%
Deutsche Automarken Audi, BMW, Mercedes-Benz, Mini, Porsche, smart, Volkswagen Opel
52%
Beatles (1964) John Lennon, Paul McCartney, George Harrison Ringo Starr
45%
Friends Rachel, Monica, Phoebe, Chandler, Ross Joey
32%
Wetten, das..? Moderatoren Thomas Gottschalk, Markus Lanz, Wolfgang Lippert, (Jan Böhmermann) Frank Elstner
29%
5 Freunde (Enid Blyton) Julian, Dick, Anne, Timmy George
26%
Yordle Amumu, Corki, Fizz, Gnar, Heimerdinger, Kennen, Kled, Lulu, Rumble, Teemo, Tristana, Veigar, Vex, Ziggs Poppy
24%
James Bond Darsteller Sean Connery, George Lazenby, Timothy Dalton, Pierce Brosnan, Daniel Craig Roger Moore
21%
Rentiere des Weihnachtsmannes Dasher, Dancer, Prancer, Vixen, Cupid, Donner, Blitzen, Rudolph Comet
13%
7 Zwerge (Disney) Grumpy, Bashful, Doc, Sneezy, Sleepy, Dopey Happy
12%
Keine übereinstimmenden Quizze gefunden
Verteilung der Resultate
Anzahl Personen mit jedem Resultat
Perzentil nach korrekt beantworteten Fragen
Ihre Resultats-Entwicklung
Sie haben dieses Quiz noch nicht gespielt